000 00210nam a22001097a 4500
003 SGT
100 _aTONDON,B.K
245 _aTEXTBOOK OF HUMAN ANATOMY
250 _a2ND
260 _bAPH, PUB
942 _2ddc
_cCD
999 _c15728
_d15728